000 00366nam a2200145Ia 4500
008 240624s9999 xx 000 0 und d
041 _aeng
082 _a657 SHA
100 _aSHAH PARESH
245 _aFINANCIAL ACCOUNTING FOR MANAGEMENT
250 _a(2nd ed.)
260 _c2012
_aNew Delhi
_bOxford
300 _axviii, : 561 : p. : cm. ; 26
365 _cRS
_b31
999 _c25021
_d25021